Statistics for 20 Smallest Countries with Longitude Change greater than 15º, with a Map

Click here to take the quiz!

General Stats

  • This quiz has been taken 65 times
  • The average score is 13 of 20

Answers on the Map

Answers color-coded by a green-red scale on the quiz's map according to % correct below.
 

Answer Stats

AreaCOUNTRY% Correct
242kUnited Kingdom
91%
640kFrance
84%
377kJapan
84%
270kNew Zealand
79%
323kNorway
77%
330kMalaysia
75%
505kSpain
75%
783kTurkey
73%
0.8kKiribati
71%
447kUzbekistan
71%
0.7kFederated States of Micronesia
70%
462kPapua New Guinea
70%
603kUkraine
70%
756kChile
59%
43kDenmark
55%
881kPakistan
55%
1221kSouth Africa
52%
41kNetherlands
48%
92kPortugal
48%
276kEcuador
41%

Score Distribution

Percentile by Number Answered

Percent of People with Each Score

Your Score History

You have not taken this quiz